| 000 | 00923nam a2200229Ia 4500 | ||
|---|---|---|---|
| 001 | 21612 | ||
| 005 | 20260422155150.0 | ||
| 008 | 260320s9999||||xx |||||||||||||| ||und|| | ||
| 041 | _aESP | ||
| 082 |
_a657 _bZ55 T. 1 |
||
| 100 |
_aZeballos Z., Erly, _eAUT |
||
| 245 | 0 | _aContabilidad práctica | |
| 250 | _aTercera edición | ||
| 260 |
_aArequipa : _bImpresiones Juve, _c2006 |
||
| 300 |
_a282 páginas : _btablas ; _c21 cm. |
||
| 650 | _aTCA | ||
| 653 | _aContabilidad; Estados financieros - Contabilidad | ||
| 654 | _aCCO | ||
| 856 |
_uhttps://0u213xits-y-https-ebooks7--24-com.itmsp.museknowledge.com/visorBook.aspx?i=3781&t=6FD85C47-1F1C-4E7B-944A-A54F68AA76CC _zVéase además: Contabilidad financiera avanzada, por Carl Warren. Versión digital |
||
| 856 |
_uhttps://itmsp.museknowledge.com/UCSP?groupID=2&action=source&sourceID=eBooks724 _zVéase además: Base de datos Ebook7-24 |
||
| 942 |
_cLIB _dJUS _fTRC _2ddc |
||
| 999 |
_c21612 _d21612 |
||